Music Quiz

Random Music or Decade Quiz

Artist Hits Across a Generation Quiz Stats

 Plays Quiz Updated Sep 6, 2018

Challenge
Share
Tweet
Embed
Score 0/70 Timer 10:00
0 Plays Today
Decades Artist % Correct
'70s & '90sThe Beatles
79.5%
'70s & '90sElton John
76.7%
'70s & '90sMichael Jackson
76.6%
'80s & '00sMichael Jackson
76.6%
'90s & '10sMichael Jackson
76.6%
'90s & '10sMadonna
74.3%
'50s & '70sElvis Presley
72.9%
'80s & '00sMadonna
71.1%
'60s & '80sThe Rolling Stones
70.3%
'80s & '00sJanet Jackson
67%
'40s & '60sFrank Sinatra
55.5%
'90s & '10sMariah Carey
47.9%
'80s & '00sWhitney Houston
43.4%
'90s & '10sWhitney Houston
43.4%
'90s & '10sBritney Spears
40.4%
'70s & '90sBilly Joel
38.9%
'60s & '80sCher
35.8%
'70s & '90sCher
35.8%
'60s & '80sThe Beach Boys
35.2%
'70s & '90sAerosmith
34.9%
'80s & '00sAerosmith
34.9%
'70s & '90sQueen
34.3%
'60s & '80sStevie Wonder
33.7%
'60s & '80sAretha Franklin
30.2%
'60s & '80sBee Gees
29%
'90s & '10sChristina Aguilera
24.8%
'60s & '80sJames Brown
24.3%
'70s & '90sEric Clapton
22.8%
'60s & '80sBarbra Streisand
22.3%
'70s & '90sBarbra Streisand
22.3%
'60s & '80sMarvin Gaye
22.1%
'70s & '90sRod Stewart
21.7%
'50s & '70sChuck Berry
20.3%
'50s & '70sAndy Williams
18.7%
'60s & '80sNeil Diamond
17.2%
Decades Artist % Correct
'60s & '80sBen E. King
16.9%
'70s & '90sChicago
16.9%
'50s & '70sRicky Nelson
16.8%
'60s & '80sThe Kinks
16.5%
'50s & '70sSammy Davis Jr.
16.4%
'50s & '70sPerry Como
16.2%
'60s & '80sKenny Rogers
16%
'90s & '10sUsher
15.4%
'40s & '60sNat 'King' Cole
14.7%
'60s & '80sRoy Orbison
14.1%
'70s & '90sSantana
14%
'70s & '90sKiss
13.6%
'50s & '70sPaul Anka
11.9%
'90s & '10sDr. Dre
11.8%
'90s & '10sSnoop Dogg
11.5%
'70s & '90sHeart
11%
'60s & '80sJefferson Airplane/Starship
10.8%
'60s & '80sDionne Warwick
10.6%
'90s & '10sJennifer Lopez
10.4%
'50s & '70sNeil Sedaka
9.5%
'70s & '90sBette Midler
8.8%
'70s & '90sStyx
8.4%
'80s & '00sKylie Minogue
8%
'60s & '80sThe Moody Blues
5.8%
'90s & '10sEnrique Iglesias
5.1%
'70s & '90sRoberta Flack
4.4%
'60s & '80sHerb Alpert
4.2%
'50s & '70sJohnny Mathis
3.9%
'50s & '70sDickie Goodman
3.7%
'40s & '60sLawrence Welk
3.4%
'80s & '00sKenny G
3.1%
'40s & '60sDavid Rose
2.8%
'60s & '80sJimmy Ruffin
1.9%
'60s & '80sSergio Mendes
1.9%
'50s & '70sBrook Benton
1.7%

You're not logged in!

Compare scores with friends on all Sporcle quizzes.
OR
Log In

You Might Also Like...

Show Comments

Extras

Top Quizzes Today


Score Distribution

Your Account Isn't Verified!

In order to create a playlist on Sporcle, you need to verify the email address you used during registration. Go to your Sporcle Settings to finish the process.

Report this User

Report this user for behavior that violates our Community Guidelines.

Details: